The Student Writer: Editor and Critic /

This modes-based rhetoric/reader/handbook teaches students how to become astute critics and editors of their own writing, offering new material on argumentation, applying the patterns of organization, writing about literature, visual argument, and ethics in writing.

Gorde:
Xehetasun bibliografikoak
Egile nagusia: Fine Clouse Barbara
Formatua: Liburua
Hizkuntza:Vietnamese
Argitaratua: American : McGraw -Hill , 2003
Gaiak:
Etiketak: Etiketa erantsi
Etiketarik gabe, Izan zaitez lehena erregistro honi etiketa jartzen!
Thư viện lưu trữ: Thư viện Trường CĐ Kỹ Thuật Cao Thắng
LEADER 00972nam a2200241 a 4500
001 TVCDKTCT8582
003 Thư viện trường Cao đẳng Kỹ thuật Cao Thắng
005 20080225000000
008 080225
980 \ \ |a Thư viện Trường CĐ Kỹ Thuật Cao Thắng 
024 |a RG_1 #1 eb0 i1 
020 # # |a 0072559403 
041 0 # |a vie 
082 # # |a 808.042 /   |b ST500D-b 
100 1 # |a Fine Clouse Barbara 
245 0 0 |a The Student Writer: Editor and Critic /  |c Fine Clouse Barbara 
260 # # |a American :  |b McGraw -Hill ,  |c 2003 
300 # # |a 624tr. ;  |c 24cm 
520 # # |a This modes-based rhetoric/reader/handbook teaches students how to become astute critics and editors of their own writing, offering new material on argumentation, applying the patterns of organization, writing about literature, visual argument, and ethics in writing. 
650 # 4 |a English language-Rhetoric 
650 # 4 |a Report writing 
650 # 4 |a Criticism 
650 # 4 |a Editing